Poesie dell'albergo Wentley /

সংরক্ষণ করুন:
গ্রন্থ-পঞ্জীর বিবরন
প্রধান লেখক: Wieners, John (লেখক)
অন্যান্য লেখক: Mondadori, Fabrizio
বিন্যাস: গ্রন্থ
ভাষা:ইতালিয়
ইংরেজি
প্রকাশিত: Milano : Il saggiatore, 1967
মালা:Biblioteca delle Silerchie ; 102
ট্যাগগুলো: ট্যাগ যুক্ত করুন
কোনো ট্যাগ নেই, প্রথমজন হিসাবে ট্যাগ করুন!

MARC

LEADER 00000nam a22000007i 4500
001 IT\ICCU\CAG\0056669
003 ItRI
005 20250721111812.0
008 990109s1967 it |||||| ||||| |||||c
040 |b ita  |c ct 
041 7 |a ita  |a eng  |2 ISO-639-2 
100 1 |a Wieners, John  |0 IT\ICCU\TSAV\012110  |4 aut 
240 1 4 |a The hotel Wentley poems 
245 1 0 |a Poesie dell'albergo Wentley /  |c John Wieners ; traduzione di Fabrizio Mondadori. 
260 |a Milano :  |b Il saggiatore,  |c 1967 
300 |a 67 p. ;  |c 19 cm 
500 |a Testo orig. a fronte. 
700 1 |a Mondadori, Fabrizio  |0 IT\ICCU\MILV\055698 
830 0 |a Biblioteca delle Silerchie ;  |v 102  |0 IT\ICCU\CFI\0001663 
942 |2 ddc  |c BK 
952 |0 0  |1 0  |2 ddc  |4 0  |6 B_LPS01WIEJOPOE11  |7 0  |9 4617  |a MI  |b MI  |d 1987-06-13  |i 221  |l 0  |o B-LPS01-WIEJO-POE11  |p CDOM221  |r 2025-07-04 21:34:31  |w 2025-07-04  |x ACQUISTO  |y BK 
981 1 |6 z01  |a i   |b xxxe  
982 1 |6 z01  |a n 
999 |c 3608  |d 3608